[Event "Madurai Athens of the East op-C U1700"]
[Site "Madurai"]
[Date "2023.12.24"]
[Round "2"]
[White "Mithran, Krishnakumar"]
[Black "Kirpesh, I."]
[Result "0-1"]
[WhiteElo "1304"]
[BlackElo "1629"]
[PlyCount "76"]
[EventDate "2023.12.24"]
[EventType "swiss"]
[EventRounds "9"]
[EventCountry "IND"]
[SourceTitle "CB06_2024"]
[SourceDate "2024.02.07"]
[SourceVersion "1"]
[SourceVersionDate "2024.02.07"]
[SourceQuality "1"]

1. e4 c6 2. d4 d5 3. e5 Bf5 4. Bd3 Bxd3 5. Qxd3 e6 6. c3 Qb6 7. b3 c5 8. Ba3 Nc6 9. Nf3 h5 10. 0-0 Nh6 11. Rd1 Nf5 12. Bb2 Rc8 13. Nbd2 g6 14. Nf1 Bh6 15. Ng3 Nxg3 16. hxg3 cxd4 17. cxd4 Nb4 18. Qf1 0-0 19. Ne1 Nc2 20. Rab1 Nxe1 21. Qxe1 Rc2 22. f4 Rfc8 23. Rdc1 h4 24. Qd1 Qc6 25. Qd3 hxg3 26. Bc3 Qxc3 27. Qxc3 R8xc3 28. Rxc2 Rxc2 29. Rf1 Kg7 30. Rf3 Rc1+ 31. Rf1 Bxf4 32. Rxc1 Bxc1 33. Kf1 Be3 34. Ke2 Bxd4 35. Kf3 Bxe5 36. Kg4 f5+ 37. Kf3 Bd6 38. Ke3 e5 0-1